| 000 | 00607nam a2200241Ia 4500 | ||
|---|---|---|---|
| 008 | 170711s9999 xx 000 0 und d | ||
| 020 | _a9780857752581 | ||
| 050 | _a641.86 | ||
| 050 | _bS814 2011 | ||
| 100 | _aSteer, Gina | ||
| 245 | _aFor the love of cakes : | ||
| 245 | _bspecial occasion recipes for parties, family & friends / | ||
| 245 | _cGina Steer. | ||
| 260 | _aUnited Kingdom : | ||
| 260 | _bFlame Tree, | ||
| 260 | _c2011 | ||
| 300 | _a143 pages : | ||
| 300 | _bcolored illustrations ; | ||
| 300 | _c23cm. | ||
| 500 | _aIncludes index. | ||
| 650 | _aCake. | ||
| 700 | _aTitle. | ||
| 999 |
_c339739 _d339739 |
||